Radar for Meteorological and Atmospheric Observations / (Record no. 616606)

000 -LEADER
fixed length control field 00542nam a22001817a 4500
003 - CONTROL NUMBER IDENTIFIER
control field NUST
005 - DATE AND TIME OF LATEST TRANSACTION
control field 20260311143025.0
008 - FIXED-LENGTH DATA ELEMENTS--GENERAL INFORMATION
fixed length control field 260311b ||||| |||| 00| 0 eng d
020 ## - INTERNATIONAL STANDARD BOOK NUMBER
International Standard Book Number 978-4431543343
082 ## - DEWEY DECIMAL CLASSIFICATION NUMBER
Classification number 954.035
Author Mark SHA
100 ## - MAIN ENTRY--PERSONAL NAME
Personal name Shoichiro Fukao, Kyosuke Hamazu.
9 (RLIN) 133646
245 ## - TITLE STATEMENT
Title Radar for Meteorological and Atmospheric Observations /
Statement of responsibility, etc. Shoichiro Fukao, Kyosuke Hamazu.
250 ## - EDITION STATEMENT
Edition statement 2014th Edition.
260 ## - PUBLICATION, DISTRIBUTION, ETC.
Place of publication, distribution, etc. Switzerland:
Name of publisher, distributor, etc. Springer,
Date of publication, distribution, etc. 2013.
300 ## - PHYSICAL DESCRIPTION
Extent 537 p ;
Dimensions 30 cm
563 ## - BINDING INFORMATION
Binding note Hardcover
942 ## - ADDED ENTRY ELEMENTS (KOHA)
Source of classification or shelving scheme
Koha item type Book
Holdings
Withdrawn status Lost status Source of classification or shelving scheme Damaged status Not for loan Permanent Location Current Location Date acquired Total Checkouts Full call number Barcode Date last seen Price effective from Koha item type
          Institute of Geographical Information Systems (IGIS) Institute of Geographical Information Systems (IGIS) 03/11/2026   954.035 SHA IGIS-1081 03/11/2026 03/11/2026 Book
          Institute of Geographical Information Systems (IGIS) Institute of Geographical Information Systems (IGIS) 03/11/2026   954.035 SHA IGIS-1082 03/11/2026 03/11/2026 Book
© 2023 Central Library, National University of Sciences and Technology. All Rights Reserved.